Aproximación a la naturaleza histórica de la crisis centroamericana o la razón de la profundización de la explotación a la super explotación extrema
Tallennettuna:
| Päätekijä: | |
|---|---|
| Aineistotyyppi: | Teksti |
| Julkaistu: |
Panamá
|
| Tagit: |
Lisää tagi
Ei tageja, Lisää ensimmäinen tagi!
|
MARC
| LEADER | 00000 a a2200000 04500 | ||
|---|---|---|---|
| 001 | 21562 | ||
| 003 | |||
| 040 | |||
| 090 | |a 095600 | ||
| 100 | |a Méndez Dávila, Lionel | ||
| 245 | |a Aproximación a la naturaleza histórica de la crisis centroamericana o la razón de la profundización de la explotación a la super explotación extrema | ||
| 260 | |a Panamá | ||
| 300 | |a 17 p. | ||
| 999 | |c 13108 |d 13108 | ||
